Statistiques concernant Que s'est-il passé un 25 mars?

Cliquez ici pour prendre le quiz!

Statistiques générales

  • Ce quiz a été pris 20 fois
  • Le résultat moyen est 7 sur 16

Statistiques - réponses

AnnéeIndiceRéponse% Correct
1975Fayçal ben Abdelaziz Al Saoud, roi de ce pays, est tué par son neveuArabie saoudite
90%
1821Début de la guerre d'indépendance de ce pays par rapport à l'Empire ottomanGrèce
90%
1507L'armée de Louis XII intervient dans ce port italien pour rétablir l'ordreGênes
60%
1990Ce pilote de F1 remporte son 40ème grand prix au BrésilAlain Prost
55%
1911Dans cette ville, un incendie à l’usine de Triangle Shirtwaist Company a lieu; 146 mortsNew York
55%
1941La Bulgarie et cet ancien pays pays rejoignent l'AxeYougoslavie
55%
1948Les météorologues arrivent avec succès à prédire l'arrivée de ce phénomème dévastateur pour la première foisTornade
45%
1994Les États-Unis achèvent leur retrait militaire dans ce pays africainSomalie
40%
2001Ce politicien socialiste est élu maire de ParisBertrand Delanoë
35%
1969Le Président de ce pays, Ayoub Khan, remet le pouvoir aux militairesPakistan
35%
1901Manchester: fabrication du premier moteur de ce type à deux tempsDiesel
25%
1581Avec l'entrée du calendrier grégorien, le 25 mars est le dernier jour auquel cette fête est célébréeNouvel An
15%
1409Début du concile dans ce port italien pour régler les problème du grand schisme d'OccidentPise
15%
2006Massacre de Capitol Hill dans cette ville américaineSeattle
15%
1655Christian Huygens découvre ce satellite naturel de SaturneTitan
15%
1947Un accident de mine dans cet État américain, à Centralia, tue 111 personnesIllinois
5%

Distribution des résultats

Percentile par nombre de réponses

% des personnes avec chaque résultat

Votre développement - résultats

Vous n’avez pas pris ce quiz